| 000 | 00802nam a2200193 i 4500 | ||
|---|---|---|---|
| 001 | 41950 | ||
| 003 | ES-MaACL | ||
| 005 | 20260127062527.0 | ||
| 007 | t| | ||
| 008 | 030312s1964 sp ||||1| spa d | ||
| 100 | 1 |
_aCastán Tobeñas, José, _d1889-1969 _936392 |
|
| 245 | 1 | 0 |
_aSignificado y momento actual de la Real Academia de Jurisprudencia y Legislación / _cdiscurso leído el día 28 de enero de 1964, en la sesión inaugural del curso 1963-64 por José Castán Tobeñas. |
| 260 |
_aMadrid : _b[s.n., _c1964] ( _fGráfs. San Marcos) |
||
| 300 |
_a26 p. ; _c24 cm. |
||
| 500 | _aPrecede al tít.: Real Academia de Jurisprudencia y Legislación. | ||
| 700 |
_aReal Academia de Jurisprudencia y Legislación de España _9217612 |
||
| 852 |
_aES-MaACL _j2039-F-2 _bR.53639 |
||
| 999 |
_c41950 _d41950 |
||